1217 1693 1632 1677 1012 1812 1492 1969 1616 1600 1006 1458 1818 1107 1202 1488 1747 1917 1174 1149 1434 1387 1581 1795 1168 1732 1686 1041 1697 1303 1330 1320 1971 1456 1831 1331 1567 1190 1073 1344 1380 1417 1266 1569 1607 1863 1663 1014 1419 1779 1077 1515 1829 1792 1691 1143 1212 1136 1017 1441 1577 1561 1486 1874 1047 1155 1764 1769 1376 1494 1698 1137 1197 1388 1979 1840 1133 1795 1978 1524 1322 1149 1350 1678 1480 1793 1809 1087 1204 1221 1304 1738 1461 1056 1201 1463 1260 1609 1532 BCNSPRNW ULIB Ver.6.0+V

เปลี่ยนเป็นภาษาไทย

Change to English
 แสดงรายละเอียดบรรณานุกรม
  กลับหน้าหลัก

Brief Record : Get Marc (ISO 2709) : E-mail record : QR code < ปิดหน้าต่าง
LEADER : 00000nam 2200000uu 4500
001    13399110629
003     ULIB
008    110606s2546||||th 000 0 tha d
020    9741321651
060 04 WR140^bย421ต 2546
100 0  ยุพิน ไทยพิสุทธิกุล
245 00 ตจวิทยา = Dermatology /^cยุพิน ไทยพิสุทธิกุล, บรรณาธิการ
246 31 Dermatology
250    พิมพ์ครั้งที่ 2 แก้ไขปรับปรุง
260    กรุงเทพฯ :^bยูเนี่ยนครีเอชั่น,^c2546
300    174 หน้า :^bภาพประกอบ
504    มีบรรณานุกรมและดรรชนีประกอบ
650  0 Dermatology
650  0 Skin^xDiseases
700 10 ยุพิน ไทยพิสุทธิกุล,^eบรรณาธิการ
945    ^p145^l0^i020078
995    ทศพร
999 ^a ใช้งานได้ทุกระบบ
รายการนี้ยังไม่มีแท็ก
คุณยังไม่ได้ล็อกอิน คุณสามารถมีกิจกรรมร่วมกับเว็บไซต์ได้ แต่ต้องล็อกอินก่อน ::
  ล็อกอิน

รายการสื่อสารสนเทศ

ลำดับที่ ประเภท เลขเรียก/บาร์โค้ด สถานที่ สถานะ
- ไม่พบข้อมูล -

รายการใกล้เคียง
    ผู้แต่ง [ยุพิน ไทยพิสุทธิกุล]

    หัวเรื่อง [Dermatology]
    หัวเรื่อง [Skin Diseases]

BibComment


ยังไม่เคยถูกคอมเมนท์

คอมเมนท์ทรัพยากรรายการนี้
  คอมเมนท์: ตจวิทยา Dermatol..


 Copyright 2026. Bcnsprnw @Library